Teen mahan krantikari (Record no. 440121)

000 -LEADER
fixed length control field 00264cam a22000977a 4500
008 - FIXED-LENGTH DATA ELEMENTS--GENERAL INFORMATION
fixed length control field 180718b1998 xxu||||| |||| 00| 0 eng d
100 ## - MAIN ENTRY--PERSONAL NAME
Personal name Kumar, Narender
245 ## - TITLE STATEMENT
Title Teen mahan krantikari
Statement of responsibility, etc. by Narender Kumar
260 ## - PUBLICATION, DISTRIBUTION, ETC.
Place of publication, distribution, etc. delhi
Name of publisher, distributor, etc. Sahitiya Mandir
Date of publication, distribution, etc. 1998
300 ## - PHYSICAL DESCRIPTION
Extent 32p.
Holdings
Withdrawn status Lost status Damaged status Not for loan Permanent Location Current Location Date acquired Barcode Date last seen Price effective from Koha item type
        Indian Institute of Public Administration Indian Institute of Public Administration 2010-05-10 73703 2018-07-21 2018-07-21 Book

Powered by Koha